Tango starej gardy

Saved in:
Bibliographic Details
Main Author: Pérez-Reverte, Arturo
Other Authors: Tužinská, Sofia, 1973-
Format: Book
Language:Slovak
Published: Bratislava Slovart 2014
Edition:1. vyd.
Subjects:
Tags: Add Tag
No Tags, Be the first to tag this record!

MARC

LEADER 00000nam a2200000 4500
001 0199253
005 20240502073352.6
020 |a 978-80-556-1099-3 
041 0 |a slo 
044 |a SK 
245 1 0 |a Tango starej gardy  |c Arturo Pérez-Reverte ; zo španielčiny preložila Sofia Tužinská 
250 |a 1. vyd. 
264 1 |a Bratislava  |b Slovart  |c 2014 
300 |a 445 s. [18 AH] 
610 2 0 |a literatúra 
610 2 0 |a španielčina 
100 1 |a Pérez-Reverte, Arturo 
700 1 |a Tužinská, Sofia, 1973-